[Event "Ct. Lleida indiv. Absolut A"]
[Site "?"]
[Date "2011.11.01"]
[Round "5.6"]
[White "Reves Areste, J."]
[Black "Campos Olaya, I."]
[Result "0-1"]
[WhiteElo "1916"]
[BlackElo "2173"]
[PlyCount "96"]
[EventDate "2011.??.??"]
[EventType "swiss"]

1. d4 Nf6 2. Nf3 g6 3. g3 Bg7 4. Bg2 d5 5. O-O O-O 6. e3 Nbd7 7. b3 c5 8. Bb2
cxd4 9. Bxd4 Qc7 10. Bb2 Rd8 11. Qe2 Ne4 12. Bxg7 Kxg7 13. Nfd2 Qxc2 14. Bxe4
dxe4 15. Na3 Qc5 16. Nac4 b5 17. Nxe4 Qf5 18. Qb2+ Kg8 19. Ncd2 Bb7 20. f3 Ne5
21. g4 Nxg4 22. fxg4 Qxg4+ 23. Ng3 h5 24. Rf4 Qh3 25. Ndf1 e5 26. Rf2 Rd5 27.
e4 Rd4 28. Re1 h4 29. Nh1 Bxe4 30. Ne3 Rad8 31. Qe2 Bc6 32. Qf1 Qxf1+ 33. Rexf1
f5 34. Rc2 Be4 35. Rc5 Rd3 36. Re1 Rxe3 37. Rxe3 Rd1+ 38. Kf2 Rxh1 39. Rxb5
Rxh2+ 40. Ke1 Rxa2 41. Rc3 Kg7 42. Rxe5 Kf6 43. Re8 g5 44. Rh8 Ke5 45. Kf1 Kd4
46. Rc7 h3 47. Rch7 g4 48. Kg1 Ke3 0-1

[Event "Ct. Lleida indiv. Absolut A"]
[Site "?"]
[Date "2011.11.01"]
[Round "5.7"]
[White "Vallverdu Miret, O."]
[Black "Perez Cabas, J."]
[Result "1/2-1/2"]
[WhiteElo "2076"]
[BlackElo "1964"]
[PlyCount "59"]
[EventDate "2011.??.??"]
[EventType "swiss"]

1. e4 c5 2. Nf3 e6 3. d3 d5 4. Nbd2 Nc6 5. g3 Nf6 6. Bg2 Be7 7. O-O O-O 8. Re1
Nd7 9. Nf1 Bf6 10. Ne3 d4 11. Nc4 Be5 12. Nfxe5 Ncxe5 13. Nxe5 Nxe5 14. Qh5 Nc6
15. Qxc5 e5 16. c4 dxc3 17. Qxc3 Be6 18. Be3 Rc8 19. Qd2 Nd4 20. Bxd4 Qxd4 21.
Bf1 Rc6 22. b3 f5 23. exf5 Rxf5 24. Qe3 Qb2 25. Bh3 Rf8 26. Bxe6+ Rxe6 27. Qe2
Qd4 28. Qe3 Qb2 29. Qe2 Qd4 30. Qe3 1/2-1/2

[Event "Ct. Lleida indiv. Absolut A"]
[Site "?"]
[Date "2011.11.01"]
[Round "5.8"]
[White "Rodriguez Moles, J."]
[Black "Ortiz Navarro, MA."]
[Result "1/2-1/2"]
[WhiteElo "1669"]
[BlackElo "2007"]
[PlyCount "48"]
[EventDate "2011.??.??"]
[EventType "swiss"]

1. e4 e6 2. d4 d5 3. exd5 exd5 4. Bd3 Nc6 5. c3 Bd6 6. Nf3 Bg4 7. O-O Nge7 8.
Be3 Qd7 9. Nbd2 O-O 10. Qc2 Bf5 11. Ng5 Bxd3 12. Qxd3 Qf5 13. Qxf5 Nxf5 14. Nh3
Nxe3 15. fxe3 Rae8 16. Rae1 f5 17. Nf4 Bxf4 18. exf4 Kf7 19. Nf3 h6 20. Ne5+
Nxe5 21. Rxe5 Rxe5 22. fxe5 Ke6 23. g4 f4 24. h4 g5 1/2-1/2

[Event "Ct. Lleida indiv. Absolut A"]
[Site "?"]
[Date "2011.11.01"]
[Round "5.9"]
[White "Palau Cabases, A."]
[Black "Pera Lucas, E."]
[Result "0-1"]
[WhiteElo "1899"]
[BlackElo "1983"]
[PlyCount "116"]
[EventDate "2011.??.??"]
[EventType "swiss"]

1. e4 e5 2. Nf3 Nc6 3. Bb5 a6 4. Ba4 Nf6 5. O-O Be7 6. Re1 b5 7. Bb3 O-O 8. a4
Bb7 9. d3 d6 10. Nc3 b4 11. Ne2 Na5 12. Ba2 c5 13. Ng3 Bc8 14. h3 Nc6 15. Be3
Bd7 16. Nd2 Bc8 17. Nc4 Rb8 18. Bg5 Qc7 19. a5 Be6 20. Ne3 Rb5 21. Ngf5 Rxa5
22. Nxe7+ Qxe7 23. Nd5 Bxd5 24. Bxd5 Rxa1 25. Qxa1 Nd4 26. Qa4 h6 27. Bxf6 Qxf6
28. c3 bxc3 29. bxc3 Ne6 30. Qxa6 Nf4 31. Re3 Rb8 32. Qa2 Nxd5 33. exd5 Qe7 34.
f4 f6 35. fxe5 fxe5 36. d4 Qg5 37. Qe2 cxd4 38. cxd4 Rb1+ 39. Kh2 Qf4+ 40. Rg3
Qxd4 41. Rd3 Qf4+ 42. Rg3 Rb3 43. Qg4 Qxg3+ 44. Qxg3 Rxg3 45. Kxg3 Kf7 46. Kg4
Kf6 47. h4 h5+ 48. Kxh5 Kf5 49. g4+ Kf4 50. g5 e4 51. g6 Kg3 52. Kg5 e3 53. h5
e2 54. h6 gxh6+ 55. Kxh6 e1=Q 56. g7 Qh1+ 57. Kg6 Qg2 58. Kf7 Kf4 0-1

[Event "Ct. Lleida indiv. Absolut A"]
[Site "?"]
[Date "2011.11.01"]
[Round "5.10"]
[White "Parramon Guillaumet, J."]
[Black "Arnillas Moles, J."]
[Result "1-0"]
[WhiteElo "1905"]
[BlackElo "1737"]
[PlyCount "43"]
[EventDate "2011.??.??"]
[EventType "swiss"]

1. d4 d5 2. Nf3 Nf6 3. Bg5 e6 4. Nbd2 Be7 5. c3 h6 6. Bxf6 Bxf6 7. e4 O-O 8. e5
Be7 9. Bd3 c5 10. Rc1 Nc6 11. Bb1 Qb6 12. Qc2 g6 13. h4 f5 14. exf6 Rxf6 15. h5
cxd4 16. hxg6 e5 17. Rxh6 Bf5 18. Qb3 Qc5 19. Bxf5 Rxf5 20. Qxb7 Rb8 21. Qd7
Rf6 22. Qh3 1-0

[Event "Ct. Lleida indiv. Absolut A"]
[Site "?"]
[Date "2011.11.01"]
[Round "5.12"]
[White "Monfa Sole, R."]
[Black "Rodon Balcells, J."]
[Result "1-0"]
[WhiteElo "2040"]
[BlackElo "1879"]
[PlyCount "107"]
[EventDate "2011.??.??"]
[EventType "swiss"]

1. d3 e5 2. a3 a5 3. Nf3 Nc6 4. g3 Nf6 5. Bg2 Bc5 6. O-O O-O 7. c4 Rb8 8. Nc3
Re8 9. Bg5 h6 10. Bd2 b6 11. e3 Bb7 12. Ne1 Ne7 13. Na4 Bxg2 14. Kxg2 Bd6 15.
c5 bxc5 16. Bxa5 Rb5 17. Bc3 Nfd5 18. Qc2 Nf5 19. Bd2 Nf6 20. Nc3 Qa8+ 21. Kg1
Rb6 22. Ne4 Reb8 23. Nxf6+ gxf6 24. Bc3 Ne7 25. e4 Nc6 26. Qe2 Nd4 27. Qh5 Bf8
28. Ng2 f5 29. Nh4 fxe4 30. dxe4 Qxe4 31. Rae1 Qa8 32. Rxe5 Rf6 33. Qg4+ Kh7
34. Bxd4 cxd4 35. Qxd4 Qc6 36. b4 d6 37. Re3 Bg7 38. Qd3+ Kg8 39. Rfe1 Qb5 40.
Qc2 c5 41. bxc5 dxc5 42. Nf5 c4 43. Nxg7 Kxg7 44. Qc3 Qf5 45. f4 Qc5 46. Qe5
Qa7 47. Kg2 Rb3 48. g4 Qb7+ 49. Kg3 Rb2 50. R1e2 Rb1 51. g5 Rg1+ 52. Kh4 hxg5+
53. fxg5 Rxg5 54. Kxg5 1-0

[Event "Ct. Lleida indiv. Absolut A"]
[Site "?"]
[Date "2011.11.06"]
[Round "6.1"]
[White "Llavall Sans, D."]
[Black "Ramon Solans, A."]
[Result "1-0"]
[WhiteElo "2049"]
[BlackElo "2280"]
[PlyCount "79"]
[EventDate "2011.??.??"]
[EventType "swiss"]

1. e4 c5 2. a3 Nc6 3. b4 cxb4 4. axb4 Nxb4 5. d4 d5 6. c3 Nc6 7. exd5 Qxd5 8.
Na3 a6 9. Nc4 Be6 10. Ne3 Qb3 11. Qxb3 Bxb3 12. Ra3 Be6 13. d5 Bd7 14. dxc6
Bxc6 15. Ra1 g6 16. Ne2 Bg7 17. Nd4 O-O-O 18. Bb2 Be8 19. Be2 e5 20. Nf3 Ne7
21. O-O f6 22. Rfd1 Bc6 23. Ba3 Nd5 24. Nxd5 Rxd5 25. Rxd5 Bxd5 26. Rd1 Rd8 27.
c4 Bc6 28. Rxd8+ Kxd8 29. Nd2 Bh6 30. Nb3 b6 31. c5 b5 32. Bb4 Bd5 33. Na5 e4
34. Bd1 Kd7 35. Bb3 Ke6 36. Bxd5+ Kxd5 37. g3 Bc1 38. c6 Ke6 39. Nb7 Bb2 40.
Nd8+ 1-0

[Event "Ct. Lleida indiv. Absolut A"]
[Site "?"]
[Date "2011.11.06"]
[Round "6.2"]
[White "Monell Camarasa, D."]
[Black "Gutierrez Martos, FE."]
[Result "1-0"]
[WhiteElo "2212"]
[BlackElo "2072"]
[PlyCount "69"]
[EventDate "2011.??.??"]
[EventType "swiss"]

1. d4 d5 2. c4 dxc4 3. Nf3 a6 4. a4 Nc6 5. Nc3 Bg4 6. e3 Na5 7. h3 Bxf3 8. Qxf3
Nf6 9. Be2 e6 10. O-O Be7 11. Rd1 c6 12. e4 Nb3 13. Rb1 Nxd4 14. Qe3 c5 15.
Bxc4 O-O 16. b4 e5 17. bxc5 Bxc5 18. Qg3 Qd6 19. Kh1 b6 20. Be3 Rfc8 21. Bd5
Rab8 22. Bxd4 exd4 23. e5 Qf8 24. exf6 dxc3 25. Qxc3 Bxf2 26. Qf3 Bc5 27. fxg7
Qxg7 28. Rf1 Rc7 29. Qf4 Rbc8 30. Rbd1 Re7 31. Rd3 Kh8 32. Rg3 Qb2 33. Be4 Rce8
34. Bxh7 Qe2 35. Qf6+ 1-0

[Event "Ct. Lleida indiv. Absolut A"]
[Site "?"]
[Date "2011.11.06"]
[Round "6.3"]
[White "Codina Garcia, J."]
[Black "Trepat Herranz, J."]
[Result "1/2-1/2"]
[WhiteElo "2128"]
[BlackElo "2348"]
[PlyCount "92"]
[EventDate "2011.??.??"]
[EventType "swiss"]

1. Nf3 c5 2. b3 Nc6 3. Bb2 d6 4. e4 Nf6 5. d3 e6 6. Nbd2 Be7 7. g3 O-O 8. Bg2
Rb8 9. a4 a6 10. O-O Nd7 11. Re1 b5 12. axb5 axb5 13. Qc1 Qb6 14. Qd1 Bb7 15.
Qe2 Rfe8 16. Nf1 Rbc8 17. Ne3 Nd4 18. Qd1 Ra8 19. c3 Rxa1 20. Bxa1 Nxf3+ 21.
Bxf3 Ra8 22. Qc2 b4 23. c4 Ra3 24. Bb2 Ra2 25. Ra1 Qa7 26. Qb1 Rxa1 27. Qxa1
Qxa1+ 28. Bxa1 f5 29. Bg2 fxe4 30. dxe4 Bf6 31. Bxf6 gxf6 32. f4 Kf7 33. Kf2
Nb8 34. Nf1 Ke7 35. Nd2 Bc6 36. Bf3 Be8 37. Ke3 Bg6 38. Be2 Nc6 39. h3 Nd4 40.
Bd1 Bf7 41. Nf3 Nc6 42. Kd3 Na5 43. g4 h6 44. Nd2 d5 45. Bc2 Bg6 46. f5 Bf7
1/2-1/2

[Event "Ct. Lleida indiv. Absolut A"]
[Site "?"]
[Date "2011.11.06"]
[Round "6.4"]
[White "Sanuy Moncasi, A."]
[Black "Campos Olaya, I."]
[Result "0-1"]
[WhiteElo "1978"]
[BlackElo "2173"]
[PlyCount "114"]
[EventDate "2011.??.??"]
[EventType "swiss"]

1. d4 Nf6 2. Nf3 g6 3. Bf4 Bg7 4. c3 d6 5. Nbd2 Nh5 6. e3 Nxf4 7. exf4 O-O 8.
Bc4 c6 9. Qc2 Nd7 10. f5 d5 11. Bd3 e5 12. dxe5 Nxe5 13. Nxe5 Bxe5 14. fxg6
fxg6 15. Nf3 Bg7 16. O-O-O Qa5 17. Kb1 Be6 18. Rde1 Bf7 19. Ng5 Qc5 20. h4 d4
21. c4 Rae8 22. g4 Rxe1+ 23. Rxe1 Re8 24. Rxe8+ Bxe8 25. f4 Qb4 26. Qe2 Bd7 27.
f5 h6 28. Ne6 gxf5 29. gxf5 Qd6 30. Qg4 Qe5 31. Kc2 h5 32. Qg6 Qf6 33. Qxh5
Bxe6 34. Qe8+ Bf8 35. fxe6 Qf2+ 36. Kb3 Qf6 37. c5 Qe7 38. Qg6+ Kh8 39. h5 b6
40. h6 bxc5 41. h7 c4+ 42. Kc2 cxd3+ 43. Kxd3 Qxh7 44. Qxh7+ Kxh7 45. Kxd4 Bd6
46. Kc4 Kg6 47. b4 Kf6 48. b5 cxb5+ 49. Kxb5 Kxe6 50. a4 Kd5 51. Ka6 Bc5 52.
Kb5 Bg1 53. a5 Bf2 54. Kb4 Kc6 55. Kc4 Be1 56. Kb3 Bxa5 57. Ka4 Kb6 0-1

[Event "Ct. Lleida indiv. Absolut A"]
[Site "?"]
[Date "2011.11.06"]
[Round "6.5"]
[White "Pera Lucas, E."]
[Black "Villa Gimenez, C."]
[Result "1-0"]
[WhiteElo "1983"]
[BlackElo "2027"]
[PlyCount "137"]
[EventDate "2011.??.??"]
[EventType "swiss"]

1. e4 e6 2. d4 d5 3. e5 c5 4. c3 Nc6 5. Nf3 Qb6 6. Bd3 cxd4 7. cxd4 Bd7 8. O-O
Nxd4 9. Nxd4 Qxd4 10. Nc3 Qxe5 11. Re1 Qb8 12. Nxd5 Bd6 13. Qg4 Kf8 14. Nf4 Nf6
15. Qf3 Bc6 16. Qe3 Nd5 17. Nxd5 Bxh2+ 18. Kh1 Bxd5 19. f4 Bxf4 20. Qxf4 Qxf4
21. Bxf4 f5 22. Rac1 Bxa2 23. Rc7 Bd5 24. Bd6+ Kg8 25. Bxf5 Re8 26. Be4 Bxe4
27. Rxe4 h5 28. Be5 Rh7 29. Rxb7 g5 30. Reb4 Rd8 31. Rxh7 Kxh7 32. Rb7+ Kg6 33.
Rxa7 h4 34. Ra1 Kf5 35. Bc3 e5 36. Rf1+ Ke6 37. Re1 Rd5 38. Kg1 Kf5 39. Kf2 g4
40. Ke3 h3 41. gxh3 gxh3 42. Rg1 Rd7 43. Kf2 Rh7 44. Rh1 e4 45. Kg3 Rd7 46.
Rxh3 Rd3+ 47. Kg2 Rd1 48. Kf2 Kf4 49. Rh4+ Kf5 50. Ke3 Rd3+ 51. Ke2 Rg3 52.
Rh5+ Kg4 53. Rh8 Rd3 54. Rf8 Kg5 55. Rf1 Kg4 56. Be5 Rb3 57. Rf4+ Kg5 58. Rxe4
Kf5 59. Re3 Rb7 60. Bc3 Rd7 61. Rd3 Re7+ 62. Kd2 Rb7 63. Kc2 Ke6 64. b4 Rb8 65.
Kb3 Rb7 66. Bd2 Rb8 67. Kc4 Rb7 68. b5 Rh7 69. b6 1-0

[Event "Ct. Lleida indiv. Absolut A"]
[Site "?"]
[Date "2011.11.06"]
[Round "6.6"]
[White "Palacios Exposito, P."]
[Black "Gensana Berzunces, J."]
[Result "1/2-1/2"]
[WhiteElo "1876"]
[BlackElo "1997"]
[PlyCount "69"]
[EventDate "2011.??.??"]
[EventType "swiss"]

1. e4 e5 2. Nf3 Nf6 3. Nxe5 d6 4. Nf3 Nxe4 5. d4 d5 6. Bd3 Bg4 7. h3 Bh5 8.
Nbd2 Nxd2 9. Bxd2 Qf6 10. g4 Bg6 11. Bg5 Qd6 12. Qe2+ Be7 13. O-O-O Nc6 14.
Rhe1 Kd7 15. Bxe7 Qxe7 16. Bxg6 hxg6 17. Qb5 Qd6 18. Ne5+ Kc8 19. Kb1 Nd8 20.
Re3 a6 21. Qa4 b5 22. Qb3 Rf8 23. Rde1 c6 24. Qc3 a5 25. Nd3 Ne6 26. Nc5 b4 27.
Qd3 Nxc5 28. dxc5 Qxc5 29. Re8+ Kb7 30. R8e7+ Kb6 31. Qg3 Ra7 32. Rxa7 Kxa7 33.
Qc7+ Ka6 34. Re7 Qb6 35. Qd7 {irreproduible} 1/2-1/2

[Event "Ct. Lleida indiv. Absolut A"]
[Site "?"]
[Date "2011.11.06"]
[Round "6.7"]
[White "Ortiz Navarro, MA."]
[Black "Vallverdu Miret, O."]
[Result "1/2-1/2"]
[WhiteElo "2007"]
[BlackElo "2076"]
[PlyCount "50"]
[EventDate "2011.??.??"]
[EventType "swiss"]

1. d4 d6 2. e4 Nf6 3. Nc3 g6 4. f3 c6 5. Be3 Qc7 6. Qd2 b5 7. g4 h6 8. h4 a6 9.
Bh3 Nbd7 10. g5 Ng8 11. f4 Nb6 12. O-O-O Nc4 13. Qd3 Qa5 14. Kb1 e6 15. Bc1 d5
16. Nf3 Ne7 17. Ne5 Bg7 18. h5 hxg5 19. hxg6 Nxe5 20. fxe5 Nxg6 21. Bxg5 b4 22.
Ne2 dxe4 23. Qxe4 Qd5 24. Bg2 Qxe4 25. Bxe4 Bd7 1/2-1/2

[Event "Ct. Lleida indiv. Absolut A"]
[Site "?"]
[Date "2011.11.06"]
[Round "6.8"]
[White "Perez Cabas, J."]
[Black "Parramon Guillaumet, J."]
[Result "1-0"]
[WhiteElo "1964"]
[BlackElo "1905"]
[PlyCount "115"]
[EventDate "2011.??.??"]
[EventType "swiss"]

1. e4 e5 2. Nf3 Nc6 3. Bb5 Nd4 4. Nxd4 exd4 5. O-O c6 6. Bc4 Nf6 7. Re1 d6 8.
c3 b5 9. Bb3 Qb6 10. d3 Be6 11. Bxe6 fxe6 12. e5 dxe5 13. Rxe5 Kd7 14. Rg5 Rg8
15. cxd4 Qxd4 16. Nc3 Bd6 17. a4 b4 18. Be3 Qh4 19. g3 Qh3 20. Ne4 h6 21. Nxf6+
gxf6 22. Rh5 Qg4 23. Qxg4 Rxg4 24. Rxh6 c5 25. Rxf6 Be5 26. Rf7+ Kd6 27. Rf1
Bd4 28. b3 Bc3 29. Kg2 a5 30. h4 Rh8 31. Rh1 Be5 32. Ra7 Bd4 33. Rxa5 Rhg8 34.
Rh3 e5 35. f3 Bxe3 36. fxg4 Rf8 37. Rh1 Rf2+ 38. Kh3 Rb2 39. g5 Rxb3 40. Rd1
Rc3 41. Rb5 Kc6 42. g6 Bh6 43. Rb8 b3 44. Rb1 Rxd3 45. R8xb3 c4 46. Rb6+ Kd5
47. Rb8 e4 48. a5 Ra3 49. Rh8 Bg7 50. Rh7 Bf6 51. g7 Bxg7 52. Rxg7 c3 53. Kg4
e3 54. Kf3 c2 55. Rc1 Rc3 56. h5 Kc4 57. Rc7+ Kd3 58. Rxc3+ 1-0

[Event "Ct. Lleida indiv. Absolut A"]
[Site "?"]
[Date "2011.11.06"]
[Round "6.9"]
[White "Reves Areste, J."]
[Black "Rodriguez Moles, J."]
[Result "1-0"]
[WhiteElo "1916"]
[BlackElo "1669"]
[PlyCount "59"]
[EventDate "2011.??.??"]
[EventType "swiss"]

1. d4 d5 2. Nf3 Bf5 3. e3 Nf6 4. c4 e6 5. Qb3 b6 6. Nc3 c6 7. Bd2 Be7 8. cxd5
Nxd5 9. Nxd5 exd5 10. Rc1 f6 11. Be2 O-O 12. O-O Qd6 13. a3 Nd7 14. h3 a5 15.
Bd3 Be6 16. Qc2 c5 17. Bxh7+ Kh8 18. Bf5 c4 19. Nh4 Bf7 20. Ng6+ Bxg6 21. Bxg6
f5 22. Bxf5 Bh4 23. e4 Rad8 24. e5 Qe7 25. Bg4 Bg5 26. f4 Bh6 27. Qg6 Rg8 28.
Rcd1 Nf8 29. Qxb6 Rb8 30. Qxb8 1-0

[Event "Ct. Lleida indiv. Absolut A"]
[Site "?"]
[Date "2011.11.06"]
[Round "6.13"]
[White "Biosca Lacasa, J."]
[Black "Rodon Balcells, J."]
[Result "0-1"]
[WhiteElo "1957"]
[BlackElo "1879"]
[PlyCount "72"]
[EventDate "2011.??.??"]
[EventType "swiss"]

1. d4 c5 2. e3 e6 3. Nf3 Nc6 4. c3 d5 5. Bd3 Nf6 6. Nbd2 Qc7 7. O-O e5 8. dxe5
Ng4 9. Qa4 c4 10. Be2 Bd7 11. Qd1 O-O-O 12. Nd4 Ngxe5 13. N2f3 a6 14. b4 Bd6
15. a4 Nxf3+ 16. Nxf3 Ne5 17. Nd4 h5 18. b5 Ng4 19. h3 Bh2+ 20. Kh1 Bg1 21. f4
Bxe3 22. Qe1 a5 23. Bxe3 Nxe3 24. Rf2 Rde8 25. Qb1 Qb6 26. Bf3 g6 27. Rd2 Qf6
28. Ne2 Bf5 29. Qa2 Bd3 30. Re1 Qh4 31. Rg1 Bxe2 32. Rxe2 Qxf4 33. Rge1 Re6 34.
Qd2 Rhe8 35. Bxd5 Nxd5 36. Rxe6 Rxe6 0-1

[Event "Ct. Lleida indiv. Absolut A"]
[Site "?"]
[Date "2011.11.13"]
[Round "7.1"]
[White "Campos Olaya, I."]
[Black "Monell Camarasa, D."]
[Result "0-1"]
[WhiteElo "2173"]
[BlackElo "2212"]
[PlyCount "90"]
[EventDate "2011.??.??"]
[EventType "swiss"]

1. e4 d5 2. exd5 Qxd5 3. Nc3 Qd8 4. Bc4 Nf6 5. Qe2 c6 6. d3 Nbd7 7. Bf4 a5 8.
a4 Nb6 9. Bb3 Bf5 10. Nf3 e6 11. Be5 Be7 12. Nd4 Bg6 13. O-O O-O 14. Rad1 Bh5
15. Nf3 Nfd7 16. d4 Nxe5 17. dxe5 Qc7 18. Rfe1 Rfd8 19. Rxd8+ Rxd8 20. Qe3 Bb4
21. Ng5 Nd5 22. Nxd5 cxd5 23. c3 Bc5 24. Qd3 Bg6 25. Qb5 d4 26. cxd4 Bxd4 27.
Bc4 Qb6 28. Qxb6 Bxb6 29. Nf3 Bc2 30. b3 h6 31. Kf1 Bd1 32. Be2 Bc2 33. Rc1 Be4
34. Ke1 g5 35. g4 Bc6 36. Nd2 Bxf2+ 37. Kxf2 Rxd2 38. Rc5 Bd5 39. Rxa5 Bxb3 40.
Ke1 Ra2 41. Ra8+ Kg7 42. a5 Ra1+ 43. Kf2 Bd5 44. h3 Ra3 45. Bf1 b6 0-1

[Event "Ct. Lleida indiv. Absolut A"]
[Site "?"]
[Date "2011.11.13"]
[Round "7.2"]
[White "Ramon Solans, A."]
[Black "Pera Lucas, E."]
[Result "1-0"]
[WhiteElo "2280"]
[BlackElo "1983"]
[PlyCount "39"]
[EventDate "2011.??.??"]
[EventType "swiss"]

1. d4 d5 2. c4 c6 3. Nf3 Nf6 4. Nc3 e6 5. e3 Nbd7 6. Bd3 dxc4 7. Bxc4 b5 8. Bd3
a6 9. e4 c5 10. d5 c4 11. Bc2 e5 12. O-O Bd6 13. Ne2 Nc5 14. Ng3 h5 15. Bg5 Bg4
16. h3 Bd7 17. Nh4 g6 18. Qf3 Be7 19. d6 Qb6 20. dxe7 1-0

[Event "Ct. Lleida indiv. Absolut A"]
[Site "?"]
[Date "2011.11.13"]
[Round "7.3"]
[White "Trepat Herranz, J."]
[Black "Llavall Sans, D."]
[Result "1-0"]
[WhiteElo "2348"]
[BlackElo "2049"]
[PlyCount "59"]
[EventDate "2011.??.??"]
[EventType "swiss"]

1. e4 d6 2. d4 Nf6 3. Nc3 c6 4. f4 Qa5 5. Bd3 e5 6. Nf3 Nbd7 7. Bd2 exd4 8.
Nxd4 Qb6 9. Nb3 a5 10. a4 Be7 11. Qf3 O-O 12. Be3 Qc7 13. g4 d5 14. exd5 Nxd5
15. Nxd5 cxd5 16. O-O Nf6 17. g5 Ne4 18. c4 dxc4 19. Rac1 Nd6 20. Nd2 Qd7 21.
Nxc4 Nxc4 22. Bxc4 Qxa4 23. f5 Qd7 24. g6 hxg6 25. fxg6 Qg4+ 26. Qxg4 Bxg4 27.
Bxf7+ Kh8 28. Bc5 Bxc5+ 29. Rxc5 Rac8 30. Rg5 1-0

[Event "Ct. Lleida indiv. Absolut A"]
[Site "?"]
[Date "2011.11.13"]
[Round "7.5"]
[White "Gutierrez Martos, FE."]
[Black "Perez Cabas, J."]
[Result "1/2-1/2"]
[WhiteElo "2072"]
[BlackElo "1964"]
[PlyCount "61"]
[EventDate "2011.??.??"]
[EventType "swiss"]

1. c4 b6 2. Nc3 Nf6 3. e4 d6 4. g3 Bb7 5. Bg2 c5 6. Nge2 e6 7. O-O a6 8. d4
cxd4 9. Nxd4 Qc7 10. Qe2 Be7 11. Be3 Nbd7 12. Rac1 Rc8 13. b3 O-O 14. f4 h5 15.
h3 Rfe8 16. g4 hxg4 17. hxg4 Nc5 18. Bd2 d5 19. cxd5 exd5 20. e5 Nfe4 21. Nxe4
dxe4 22. Nf5 Qd7 23. b4 Nd3 24. Nxe7+ Rxe7 25. Rxc8+ Qxc8 26. Bxe4 Bxe4 27.
Qxe4 Qxg4+ 28. Qg2 Qf5 29. Qa8+ Kh7 30. Qh1+ Kg8 31. Qa8+ 1/2-1/2

[Event "Ct. Lleida indiv. Absolut A"]
[Site "?"]
[Date "2011.11.13"]
[Round "7.6"]
[White "Vallverdu Miret, O."]
[Black "Palacios Exposito, P."]
[Result "1-0"]
[WhiteElo "2076"]
[BlackElo "1876"]
[PlyCount "81"]
[EventDate "2011.??.??"]
[EventType "swiss"]

1. e4 e6 2. d3 c5 3. Nf3 d5 4. Nbd2 Nc6 5. g3 Qc7 6. Bg2 Nf6 7. O-O Be7 8. Re1
O-O 9. Qe2 dxe4 10. dxe4 e5 11. c3 h6 12. Nh4 Bg4 13. Bf3 Be6 14. Nf1 Nh7 15.
Nf5 Bxf5 16. exf5 Rfe8 17. Ne3 Nf6 18. Nd5 Nxd5 19. Bxd5 Rad8 20. Bb3 Qd6 21.
Qh5 Qf6 22. Re4 Kh7 23. Bxf7 Rf8 24. Be6 Rd3 25. Rg4 Rd1+ 26. Kg2 Rxc1 27. Rxc1
Bd6 28. Rd1 Qe7 29. Qg6+ Kh8 30. Bg8 Rxg8 31. Rxd6 Rf8 32. f6 Rxf6 33. Rxf6
Qxf6 34. Qxf6 gxf6 35. Rg6 Kh7 36. Rxf6 Kg7 37. Re6 h5 38. Kf3 Na5 39. Rxe5 Nc4
40. Rxc5 Nxb2 41. Rb5 1-0

[Event "Ct. Lleida indiv. Absolut A"]
[Site "?"]
[Date "2011.11.13"]
[Round "7.7"]
[White "Degracia Burgues, JA."]
[Black "Monfa Sole, R."]
[Result "0-1"]
[WhiteElo "1915"]
[BlackElo "2040"]
[PlyCount "76"]
[EventDate "2011.??.??"]
[EventType "swiss"]

1. e4 d6 2. d4 Nf6 3. Nc3 e5 4. d5 Be7 5. Be2 c6 6. Be3 cxd5 7. exd5 O-O 8. Nh3
Bf5 9. g4 Be4 10. f3 Nxg4 11. Bf2 Nxf2 12. Nxf2 Bg6 13. Bd3 f5 14. Qe2 Bg5 15.
Nh3 Bh4+ 16. Kd2 Nd7 17. Rhg1 Nc5 18. Rg2 Qa5 19. Rag1 Na4 20. Bb5 Nxc3 21.
bxc3 Rac8 22. Ng5 Rxc3 23. Kc1 Bxg5+ 24. Rxg5 Rfc8 25. Bd3 Qc5 26. h4 Qa3+ 27.
Kb1 Qb4+ 28. Kc1 Ra3 29. Qd2 Qd4 30. Kb1 Qxd5 31. c4 Rxd3 32. cxd5 Rxd2 33. h5
Bxh5 34. Rxg7+ Kh8 35. Rxb7 Bxf3 36. Rxa7 Bxd5 37. a4 Be4+ 38. Ka1 f4 0-1

[Event "Ct. Lleida indiv. Absolut A"]
[Site "?"]
[Date "2011.11.13"]
[Round "7.8"]
[White "Villa Gimenez, C."]
[Black "Ortiz Navarro, MA."]
[Result "0-1"]
[WhiteElo "2027"]
[BlackElo "2007"]
[PlyCount "122"]
[EventDate "2011.??.??"]
[EventType "swiss"]

1. e4 e6 2. d4 d5 3. Nc3 Nf6 4. Bg5 Bb4 5. e5 h6 6. exf6 hxg5 7. fxg7 Rg8 8. h4
Rxg7 9. hxg5 Qxg5 10. Nf3 Qf6 11. Rh8+ Bf8 12. Ne5 Bd7 13. Qe2 Qe7 14. O-O-O
Na6 15. Qf3 O-O-O 16. Bxa6 bxa6 17. Kb1 f5 18. g3 Rh7 19. Rxh7 Qxh7 20. Qe2 Kb7
21. Rd3 Bb5 22. Nxb5 axb5 23. a3 a6 24. Re3 Re8 25. Nd3 Bg7 26. c3 Qh1+ 27. Ka2
Bf8 28. Rxe6 Rxe6 29. Qxe6 Qe4 30. Nf4 Qxe6 31. Nxe6 Bh6 32. Kb3 a5 33. Kc2 Kc6
34. f4 Kd6 35. Nc5 Kc6 36. Kd2 a4 37. Ke3 Bf8 38. Ne6 Bh6 39. Ng5 Kd7 40. Kf3
Bf8 41. Nf7 Ke6 42. Ne5 Bd6 43. Kg2 c5 44. Nd3 cxd4 45. cxd4 Be7 46. Kf2 Bf6
47. Ne5 Be7 48. Ke3 b4 49. axb4 Bxb4 50. Nd3 Bd6 51. Nc5+ Bxc5 52. dxc5 Kd7 53.
Kd3 Kc7 54. Kc3 Kd7 55. Kb4 Kc6 56. Kxa4 Kxc5 57. Kb3 Kd4 58. Kc2 Ke3 59. b3
Ke2 60. Kc3 Ke3 61. b4 d4+ $138 0-1

[Event "Ct. Lleida indiv. Absolut A"]
[Site "?"]
[Date "2011.11.13"]
[Round "7.9"]
[White "Palau Cabases, A."]
[Black "Sanuy Moncasi, A."]
[Result "1-0"]
[WhiteElo "1899"]
[BlackElo "1978"]
[PlyCount "67"]
[EventDate "2011.??.??"]
[EventType "swiss"]

1. e4 e6 2. d4 b6 3. Bd3 Bb7 4. Be3 Nf6 5. Nd2 Na6 6. c3 c5 7. a3 Qc8 8. Rc1 c4
9. Bb1 b5 10. Ngf3 Be7 11. O-O O-O 12. Bg5 Qd8 13. Qc2 g6 14. Bh6 Re8 15. h3 d6
16. e5 dxe5 17. Nxe5 Nd7 18. f4 Nxe5 19. fxe5 Bg5 20. Bxg5 Qxg5 21. Rf2 Nc7 22.
Rcf1 Re7 23. Qd1 Rb8 24. Qe2 a6 25. Be4 Nd5 26. Bxd5 Bxd5 27. Ne4 Bxe4 28. Qxe4
Rc7 29. Rf6 Rd8 30. Qf3 Rdd7 31. Rxe6 Qd2 32. Rf6 Rc8 33. Rxa6 Qxb2 34. e6 1-0

[Event "Ct. Lleida indiv. Absolut A"]
[Site "?"]
[Date "2011.11.13"]
[Round "7.11"]
[White "Parramon Guillaumet, J."]
[Black "Rodriguez Moles, J."]
[Result "1-0"]
[WhiteElo "1905"]
[BlackElo "1669"]
[PlyCount "51"]
[EventDate "2011.??.??"]
[EventType "swiss"]

1. d4 Nf6 2. c4 e6 3. Nf3 c5 4. d5 d6 5. Nc3 Be7 6. e4 O-O 7. Qc2 e5 8. h3 Nh5
9. g4 Nf4 10. Bxf4 exf4 11. Bd3 a6 12. O-O-O Nd7 13. e5 g6 14. exd6 Bxd6 15.
Ne4 Nf6 16. Nxd6 Qxd6 17. Rde1 Bd7 18. Re2 b5 19. b3 bxc4 20. bxc4 Rab8 21. Qc3
Rb6 22. Rhe1 Rfb8 23. Bc2 Rb4 24. Ne5 Be8 25. g5 Nd7 26. Nc6 1-0

[Event "Ct. Lleida indiv. Absolut A"]
[Site "?"]
[Date "2011.11.27"]
[Round "8.1"]
[White "Monell Camarasa, D."]
[Black "Codina Garcia, J."]
[Result "1/2-1/2"]
[WhiteElo "2212"]
[BlackElo "2128"]
[PlyCount "84"]
[EventDate "2011.??.??"]
[EventType "swiss"]

1. d4 c5 2. d5 e5 3. e4 d6 4. Bd3 Nf6 5. Nd2 Be7 6. Ne2 O-O 7. a4 Nh5 8. Nc4 g6
9. f4 exf4 10. Nxf4 Ng7 11. O-O Na6 12. c3 Nc7 13. Re1 Bf6 14. Qf3 Nge8 15. Be3
b6 16. Bf2 Bg7 17. Bg3 Bb7 18. Rad1 Qd7 19. Nh3 Rd8 20. Nf2 f6 21. h4 h5 22.
Nh3 Bh6 23. Nf4 Qg7 24. Bh2 Bc8 25. Qg3 Bg4 26. Be2 Bxf4 27. Qxf4 Bxe2 28. Rxe2
Rf7 29. g4 hxg4 30. Qxg4 Qh7 31. Rg2 Kg7 32. Rd3 Kf8 33. Bf4 g5 34. Bh2 Qxh4
35. Qxh4 gxh4 36. Rh3 f5 37. Rxh4 fxe4 38. Rg5 Rg7 39. Rxg7 Kxg7 40. Rxe4 Nxd5
41. Bg3 Kf7 42. Bh4 Rd7 1/2-1/2